Democracy in the new Europe /
| Main Author: | |
|---|---|
| Other Authors: | |
| Format: | Book |
| Language: | English |
| Published: |
Basingstoke [England] ; New York :
Palgrave Macmillan,
2006.
|
| Series: | New Europe (New York, N.Y.)
|
| Subjects: | |
| Online Access: | Contributor biographical information Publisher description Table of contents |
MARC
| Tag | First Indicator | Second Indicator | Subfields |
|---|---|---|---|
| LEADER | 00000cam a22000004a 4500 | ||
| 001 | in00002201404 | ||
| 005 | 20151104095454.0 | ||
| 008 | 060517s2006 enk b 001 0 eng | ||
| 010 | |a 2006046448 | ||
| 015 | |a GBA636754 |2 bnb | ||
| 016 | 7 | |a 013437639 |2 Uk | |
| 019 | |a 65469093 | ||
| 020 | |a 1403913021 | ||
| 020 | |a 140391303X | ||
| 020 | |a 9781403913029 | ||
| 020 | |a 9781403913036 | ||
| 024 | 3 | |a 9781403913029 | |
| 024 | 3 | |a 9781403913036 | |
| 029 | 1 | |a YDXCP |b 100431330 | |
| 029 | 1 | |a YDXCP |b 2414754 | |
| 035 | |a (OCoLC)ocm69594095 | ||
| 035 | |a (OCoLC)69594095 |z (OCoLC)65469093 | ||
| 040 | |a DLC |c DLC |d BAKER |d UKM |d C#P |d YDXCP |d OCLCQ |d COO |d UtOrBLW | ||
| 042 | |a pcc | ||
| 043 | |a e------ | ||
| 049 | |a TXAM | ||
| 050 | 0 | 0 | |a JN5 |b .L67 2006 |
| 082 | 0 | 0 | |a 320.94 |2 22 |
| 100 | 1 | |a Lord, Christopher. | |
| 245 | 1 | 0 | |a Democracy in the new Europe / |c Christopher Lord and Erika Harris. |
| 264 | 1 | |a Basingstoke [England] ; |a New York : |b Palgrave Macmillan, |c 2006. | |
| 300 | |a x, 222 pages ; |c 22 cm. | ||
| 336 | |a text |b txt |2 rdacontent | ||
| 337 | |a unmediated |b n |2 rdamedia | ||
| 338 | |a volume |b nc |2 rdacarrier | ||
| 490 | 1 | |a The New Europe series | |
| 504 | |a Includes bibliographical references (pages 199-217) and index. | ||
| 650 | 0 | |a Democracy |z Europe. | |
| 651 | 0 | |a Europe |x Politics and government |y 1989- | |
| 700 | 1 | |a Harris, Erika. | |
| 830 | 0 | |a New Europe (New York, N.Y.) | |
| 856 | 4 | 2 | |3 Contributor biographical information |u http://www.loc.gov/catdir/enhancements/fy0659/2006046448-b.html |t 0 |
| 856 | 4 | 2 | |3 Publisher description |u http://www.loc.gov/catdir/enhancements/fy0659/2006046448-d.html |t 0 |
| 856 | 4 | 1 | |3 Table of contents |u http://www.loc.gov/catdir/enhancements/fy0659/2006046448-t.html |t 0 |
| 938 | |a Baker & Taylor |b BKTY |c 75.00 |d 75.00 |i 1403913021 |n 0006792597 |s active | ||
| 938 | |a Baker & Taylor |b BKTY |c 31.95 |d 31.95 |i 140391303X |n 0006792598 |s active | ||
| 938 | |a YBP Library Services |b YANK |n 2414754 | ||
| 945 | |a PromptCat | ||
| 946 | |a stk | ||
| 947 | |a A14835016512 | ||
| 948 | |a cataloged |b h |c 2006/12/10 |d c |e rbarron |f 3:42:59 pm | ||
| 994 | |a 92 |b TXA | ||
| 999 | |a MARS | ||
| 999 | f | f | |s 39054f52-29b9-3383-b631-e6f1d55eef81 |i 85705bf1-dc90-360a-9db0-25e300c8beac |t 0 |
| 952 | f | f | |p ric |a Texas A&M University |b Rellis Campus |c Joint Library Facility |d Remote Storage |t 0 |e JN5 .L67 2006 |h Library of Congress classification |i unmediated -- volume |m A14835016512 |
| 952 | f | f | |p ric |a Texas A&M University |b Rellis Campus |c Joint Library Facility |d Remote Storage |t 0 |e JN5 .L67 2006 |h Library of Congress classification |i unmediated -- volume |m A14839260032 |
| 998 | f | f | |a JN5 .L67 2006 |t 0 |l Remote Storage |
| 998 | f | f | |a JN5 .L67 2006 |t 0 |l Remote Storage |